000 00450nam a2200181Ia 4500
001 5150
005 20260306145847.0
008 260306t2017||||xx |||||||||||||| ||spa||
041 _aESP
082 _a335.4119
_bG77M
100 _aGramsci, Antonio
_eAUT
245 0 _aMaterialismo histórico, filosofía y política moderna
260 _c2017
300 _a256 páginas :
_c24 cm.
650 _aGEN
654 _aCHU
942 _cLIB
_dJUS
_fJUS
_2ddc
_n
999 _c5150
_d5150